<?xml version="1.0" encoding="UTF-8"?>
<record
    xmlns:xsi="http://www.w3.org/2001/XMLSchema-instance"
    xsi:schemaLocation="http://www.loc.gov/MARC21/slim http://www.loc.gov/standards/marcxml/schema/MARC21slim.xsd"
    xmlns="http://www.loc.gov/MARC21/slim">

  <leader>00885cam a2200313   4500</leader>
  <controlfield tag="001">a436945 </controlfield>
  <controlfield tag="003">DO-SdBNP</controlfield>
  <controlfield tag="005">20171121135850.0</controlfield>
  <controlfield tag="007">a436945 </controlfield>
  <controlfield tag="008">081104s2008    mx     | |||| 000 f spa  </controlfield>
  <datafield tag="015" ind1=" " ind2=" ">
    <subfield code="a"> </subfield>
  </datafield>
  <datafield tag="017" ind1=" " ind2=" ">
    <subfield code="a"> </subfield>
    <subfield code="b"> </subfield>
  </datafield>
  <datafield tag="020" ind1=" " ind2=" ">
    <subfield code="a">9789705804465</subfield>
  </datafield>
  <datafield tag="035" ind1=" " ind2=" ">
    <subfield code="a"> </subfield>
  </datafield>
  <datafield tag="040" ind1=" " ind2=" ">
    <subfield code="a">BPMSU</subfield>
    <subfield code="b">spa</subfield>
    <subfield code="c">BPMSU</subfield>
    <subfield code="e"> </subfield>
  </datafield>
  <datafield tag="080" ind1=" " ind2=" ">
    <subfield code="a"> </subfield>
  </datafield>
  <datafield tag="082" ind1=" " ind2="4">
    <subfield code="a">M863.4 </subfield>
    <subfield code="b">F954L</subfield>
  </datafield>
  <datafield tag="100" ind1="1" ind2=" ">
    <subfield code="a">Fuentes, Carlos</subfield>
    <subfield code="d">1928-2012</subfield>
  </datafield>
  <datafield tag="245" ind1="1" ind2="0">
    <subfield code="a">La voluntad y la fortuna /</subfield>
    <subfield code="h"> </subfield>
    <subfield code="c">Carlos Fuentes</subfield>
  </datafield>
  <datafield tag="260" ind1="0" ind2=" ">
    <subfield code="a">M&#xE9;xico, D.F.:</subfield>
    <subfield code="b">Alfaguara, </subfield>
    <subfield code="c">2008</subfield>
  </datafield>
  <datafield tag="300" ind1=" " ind2=" ">
    <subfield code="a">552 p.;</subfield>
    <subfield code="c">24 cm</subfield>
  </datafield>
  <datafield tag="500" ind1=" " ind2=" ">
    <subfield code="3">Incluye datos biogr&#xE1;ficas del autor en la solapa de la cubierta</subfield>
  </datafield>
  <datafield tag="650" ind1=" " ind2="4">
    <subfield code="a">NOVELA MEXICANA </subfield>
  </datafield>
  <datafield tag="650" ind1=" " ind2="4">
    <subfield code="a">LITERATURA MEXICANA</subfield>
  </datafield>
  <datafield tag="910" ind1=" " ind2=" ">
    <subfield code="a">Validado. Control de calidad MFF</subfield>
  </datafield>
  <datafield tag="942" ind1=" " ind2=" ">
    <subfield code="2">ddc</subfield>
    <subfield code="c">BK</subfield>
  </datafield>
  <datafield tag="945" ind1=" " ind2=" ">
    <subfield code="a">Innventariado extranjero / 2017 VM</subfield>
  </datafield>
  <datafield tag="952" ind1=" " ind2=" ">
    <subfield code="0">0</subfield>
    <subfield code="1">0</subfield>
    <subfield code="2">ddc</subfield>
    <subfield code="4">0</subfield>
    <subfield code="7">0</subfield>
    <subfield code="8">CG</subfield>
    <subfield code="a">BPMET</subfield>
    <subfield code="b">BPMET</subfield>
    <subfield code="d">2016-07-07</subfield>
    <subfield code="e">ALFAGUARA</subfield>
    <subfield code="l">0</subfield>
    <subfield code="o">M863.4  F954L</subfield>
    <subfield code="p">BPMSU16070227</subfield>
    <subfield code="r">2016-07-07</subfield>
    <subfield code="w">2016-07-07</subfield>
    <subfield code="y">BK</subfield>
  </datafield>
  <datafield tag="952" ind1=" " ind2=" ">
    <subfield code="0">0</subfield>
    <subfield code="1">0</subfield>
    <subfield code="2">ddc</subfield>
    <subfield code="4">0</subfield>
    <subfield code="7">0</subfield>
    <subfield code="8">CG</subfield>
    <subfield code="a">BPMET</subfield>
    <subfield code="b">BPMET</subfield>
    <subfield code="d">2016-07-07</subfield>
    <subfield code="e">ALFAGUARA</subfield>
    <subfield code="l">0</subfield>
    <subfield code="o">M863.4  F954L</subfield>
    <subfield code="p">BPMSU16070228</subfield>
    <subfield code="r">2016-07-07</subfield>
    <subfield code="t">e. 2</subfield>
    <subfield code="w">2016-07-07</subfield>
    <subfield code="y">BK</subfield>
  </datafield>
  <datafield tag="952" ind1=" " ind2=" ">
    <subfield code="0">0</subfield>
    <subfield code="1">0</subfield>
    <subfield code="2">ddc</subfield>
    <subfield code="4">0</subfield>
    <subfield code="7">0</subfield>
    <subfield code="8">CG</subfield>
    <subfield code="a">BPMET</subfield>
    <subfield code="b">BPMET</subfield>
    <subfield code="d">2016-07-07</subfield>
    <subfield code="e">ALFAGUARA</subfield>
    <subfield code="l">0</subfield>
    <subfield code="o">M863.4  F954L</subfield>
    <subfield code="p">BPMSU16070229</subfield>
    <subfield code="r">2016-07-07</subfield>
    <subfield code="t">e. 3</subfield>
    <subfield code="w">2016-07-07</subfield>
    <subfield code="y">BK</subfield>
  </datafield>
  <datafield tag="956" ind1=" " ind2=" ">
    <subfield code="a"> VMATEO</subfield>
    <subfield code="b">10</subfield>
    <subfield code="c">20160707</subfield>
    <subfield code="d">BPMSU</subfield>
    <subfield code="f">00069</subfield>
  </datafield>
  <datafield tag="999" ind1=" " ind2=" ">
    <subfield code="c">10761</subfield>
    <subfield code="d">10761</subfield>
  </datafield>
</record>
